[Event "Canarias-ch Seniors"]
[Site "Brena Baja"]
[Date "2022.06.03"]
[Round "4"]
[White "Haertl, Siegfried"]
[Black "Gasco Navarro, Enrique"]
[Result "1-0"]
[WhiteElo "1932"]
[BlackElo "1240"]
[PlyCount "39"]
[EventDate "2022.06.01"]
[EventType "swiss"]
[EventRounds "6"]
[EventCountry "ESP"]
[SourceTitle "CBM 208 Extra"]
[Source "ChessBase"]
[SourceDate "2022.07.31"]
[SourceVersion "1"]
[SourceVersionDate "2022.07.31"]
[SourceQuality "1"]

1. d4 Nf6 2. Nf3 e6 3. c4 b6 4. Nc3 Bb7 5. Qc2 Nc6 6. e4 Be7 7. e5 Ng8 8. a3 f6 9. Bd3 f5 10. 0-0 g6 11. d5 Nb8 12. Rd1 Bf8 13. dxe6 d6 14. Ng5 Nh6 15. Bf4 Nc6 16. exd6 Bxd6 17. Be2 Qe7 18. Nd5 Qg7 19. Nxc7+ Bxc7 20. Rd7 1-0